Riconosci lo Stato - Quiz n°80 - Statistics

Statistiche generali
  • Questo quiz è stato fatto 52 volte
  • Il punteggio medio è 11 su 13
Statistiche sulle risposte
Indizio Risposta % Corretto
Popolazione 10.753.698 ab.
96%
Valuta Corona
96%
Iniziale della Capitale P
96%
Indipendenza 1º gennaio 1993
93%
Superficie 78.870 km²
93%
Primo ministro Petr Fiala
91%
Fuso Orario UTC+1 UTC+2 in ora legale
91%
Presidente della Repubblica Petr Pavel
89%
Forma di Governo Repubblica parlamentare
87%
PIL (nominale) 245 339 milioni di $
82%
ISU 0,889
80%
Tasso di crescita -0,134%
78%
Risposta Repubblica Ceca
71%
Nessun quiz corrispondente trovato
Distribuzione punteggi
Percentuale di utenti per punteggio
Percentile per numero di risposta
I tuoi punteggi nel tempo
Non hai fatto questo quiz